La nutrición inteligente : (Record no. 23051)

000 -CABECERA
fixed length control field 01298nam a22003137i 4500
003 - IDENTIFICADOR DEL NÚMERO DE CONTROL
control field AR-CdUCM
008 - DATOS DE LONGITUD FIJA--INFORMACIÓN GENERAL
fixed length control field 240916b20202020 pe||||| |||| 00| 0 spa d
020 ## - NÚMERO INTERNACIONAL ESTÁNDAR DEL LIBRO
ISBN 978-612-4070-05-1
040 ## - FUENTE DE LA CATALOGACIÓN
Agencia/entidad que catalogó originalmente la obra MUNICIPALIDAD PROVINCIAL DEL CUSCO
Entidad que transcribió la catalogación BIBLIOTECA MUNICIPAL DEL CUSCO
082 ## - NÚMERO DE LA CLASIFICACIÓN DECIMAL DEWEY
No. de Clasificación 613.2 / B25
Notacion interna B25
100 ## - ENTRADA PRINCIPAL--NOMBRE DE PERSONA
Nombre Personal Barrio Healey, Sacha
245 ## - MENCIÓN DE TÍTULO
Título La nutrición inteligente :
Resto del título Guía práctica de alimentación y gastronomía viva /
260 ## - PUBLICACIÓN, DISTRIBUCIÓN, ETC.
Nombre de la editorial, distribuidor, etc. Editorial Planeta Perú, S.A.
Fecha de publicación, distribución, etc. 2020
Lugar de publicación, distribución, etc. Lima :
300 ## - DESCRIPCIÓN FÍSICA
Nº de Páginas Extensión 303 páginas. :
Dimensiones 23.5 cm.
500 ## - NOTA GENERAL
Bibliografía Bibliografía: páginas 299-303
505 ## - NOTA DE CONTENIDO CON FORMATO
Nota de contenido formateada La nutrición espiritual y los saberes -- Ecología sanguínea -- El ecosistema intestinal -- Vitaminas solares -- Principios básicos de la desintoxicación y limpieza del hígado -- Alimentos orgánicos -- Biotecnología transgénica -- Alimentos de alto poder nutricional
650 ## - PUNTO DE ACCESO ADICIONAL DE MATERIA--TÉRMINO DE MATERIA
Descriptor Dieta ictiovegana
9 (RLIN) 50459
650 ## - PUNTO DE ACCESO ADICIONAL DE MATERIA--TÉRMINO DE MATERIA
Descriptor Desintoxicación
9 (RLIN) 50460
650 ## - PUNTO DE ACCESO ADICIONAL DE MATERIA--TÉRMINO DE MATERIA
Descriptor Calcio
9 (RLIN) 50461
650 ## - PUNTO DE ACCESO ADICIONAL DE MATERIA--TÉRMINO DE MATERIA
Descriptor Medicina
9 (RLIN) 3637
650 ## - PUNTO DE ACCESO ADICIONAL DE MATERIA--TÉRMINO DE MATERIA
Descriptor Alimentos orgánicos
9 (RLIN) 50462
650 ## - PUNTO DE ACCESO ADICIONAL DE MATERIA--TÉRMINO DE MATERIA
Descriptor Higienismo
9 (RLIN) 50463
650 ## - PUNTO DE ACCESO ADICIONAL DE MATERIA--TÉRMINO DE MATERIA
Descriptor Combinación de alimentos
9 (RLIN) 50464
650 ## - PUNTO DE ACCESO ADICIONAL DE MATERIA--TÉRMINO DE MATERIA
Descriptor Los vegetales
9 (RLIN) 50465
650 ## - PUNTO DE ACCESO ADICIONAL DE MATERIA--TÉRMINO DE MATERIA
Descriptor Ecología sanguinea
9 (RLIN) 50466
942 ## - ELEMENTOS DE PUNTO DE ACCESO ADICIONAL (KOHA)
Fuente de clasificación
Tipo de item Libros-BMC
945 ## - PROCESAMIENTO DE INFORMACIÓN LOCAL (OCLC)
Catalogador PBJ
AAAA-MM-DD - Fecha de ingreso o modificacion 2024-09-16
Holdings
Estado de retiro (separado) Fuente de clasificación o esquema de estanterías Estado dañado Ubicación Sala donde se ubica Nombre de la colección Fecha de adquisición o compra Fuente de adquisición Costo, precio normal en soles Signatura topográfica Código de Barras Última vez visto (Koha) Tipo de ítem (Koha)
No     Sala Ciencias Sala Ciencias Book Cart 2024-09-16 Donación 25.00 613.2 / B25 SC0000002409 2024-09-16 Libros-BMC

Powered by Koha